Duálne zobrazovanie v miestnej samospráve

Pravidlá a postupy uplatňované pri prechode na menu euro. Duálne zobrazovanie. Ilustračné príklady.

Salvato in:
Dettagli Bibliografici
Autore principale: Pekárová, Edita
Natura: Capitolo di libro
Lingua:slovacco
Soggetti:
Tags: Aggiungi Tag
Nessun Tag, puoi essere il primo ad aggiungerne!!

MARC

LEADER 00000naa$a2200000$$$4500
001 0082525
005 20221128082723.8
041 0 |a slo 
044 |a SK 
245 1 0 |a Duálne zobrazovanie v miestnej samospráve  |c Edita Pekárová 
520 |a Pravidlá a postupy uplatňované pri prechode na menu euro. Duálne zobrazovanie. Ilustračné príklady. 
610 2 0 |a Európska menová únia 
610 2 0 |a Slovensko 
610 2 0 |a euro 
610 2 0 |a predpisy právne 
610 2 0 |a ceny 
100 1 |a Pekárová, Edita